[Event "Online Olym Top DivB 2021"]
[Site "chess.com INT"]
[Date "2021.09.08"]
[Round "3.4"]
[Board "2"]
[White "Gozzoli, Yannick"]
[Black "Schitco, Ivan"]
[Result "1/2-1/2"]
[WhiteTitle "GM"]
[BlackTitle "IM"]
[WhiteElo "2602"]
[BlackElo "2473"]
[WhiteTeam "France"]
[BlackTeam "Moldova"]
[WhiteFideId "616915"]
[BlackFideId "13905465"]
[EventDate "2021.09.08"]
[EventType "team"]

1. d4 d5 2. c4 dxc4 3. Nf3 a6 4. e4 b5 5. a4 Bb7 6. axb5 axb5 7. Rxa8 Bxa8 8.
Nc3 e6 9. Nxb5 Bxe4 10. Bxc4 Bb4+ 11. Nc3 Nd7 12. O-O Bxf3 13. Qxf3 Ngf6 14. d5
O-O 15. dxe6 Ne5 16. exf7+ Kh8 17. Qe2 Qd4 18. Ba2 Bd6 19. Nb5 Qh4 20. Nxd6 cxd6
21. f4 Neg4 22. g3 Qh5 23. Be6 Qc5+ 24. Kh1 Qc6+ 25. Qf3 Qb5 26. h3 Nh6 27. b3
d5 28. Bb2 Ne4 29. Rd1 Qb6 30. Bxd5 Nf2+ 31. Kg2 Nxd1 32. Qxd1 Nxf7 33. Qg4 Qh6
34. Bxf7 Qc6+ 35. Qf3 Qc2+ 36. Qf2 Qe4+ 37. Qf3 Qc2+ 38. Qf2 Qe4+ 39. Qf3 Qc2+ 1/2-1/2

[Event "Online Olym Top DivB 2021"]
[Site "chess.com INT"]
[Date "2021.09.08"]
[Round "3.4"]
[Board "3"]
[White "Gitu, Paula-Alexandra"]
[Black "Sebag, Marie"]
[Result "0-1"]
[WhiteTitle "WFM"]
[BlackTitle "GM"]
[WhiteElo "2113"]
[BlackElo "2447"]
[WhiteTeam "Moldova"]
[BlackTeam "France"]
[WhiteFideId "13904620"]
[BlackFideId "617822"]
[EventDate "2021.09.08"]
[EventType "team"]

1. e4 c5 2. Nc3 Nc6 3. d3 g6 4. g3 Bg7 5. Bg2 d6 6. f4 e6 7. Nf3 Nge7 8. O-O O-O
9. Be3 Nd4 10. Qd2 Rb8 11. Rab1 b5 12. Ne2 Nxe2+ 13. Qxe2 b4 14. e5 Nf5 15. Bf2
Ba6 16. g4 Ne7 17. Bh4 Qd7 18. exd6 Qxd6 19. f5 gxf5 20. Bxe7 Qxe7 21. gxf5 c4
22. d4 Qd6 23. fxe6 c3 24. exf7+ Rxf7 25. Qe3 Bxf1 26. Rxf1 Rxf3 27. Qxf3 Qxd4+
28. Kh1 cxb2 29. Rd1 Qe5 30. Qd3 Kh8 31. Be4 Qh5 32. Rf1 Be5 33. Qd2 Rg8 34. Bd5
Rd8 35. Rf2 b1=Q+ 0-1

[Event "Online Olym Top DivB 2021"]
[Site "chess.com INT"]
[Date "2021.09.08"]
[Round "3.4"]
[Board "4"]
[White "Guichard, Pauline"]
[Black "Verbin, Valentina"]
[Result "1-0"]
[WhiteTitle "IM"]
[WhiteElo "2409"]
[BlackElo "2039"]
[WhiteTeam "France"]
[BlackTeam "Moldova"]
[WhiteFideId "639370"]
[BlackFideId "13905910"]
[EventDate "2021.09.08"]
[EventType "team"]

1. c4 Nf6 2. Nc3 Nc6 3. d4 e5 4. Nf3 exd4 5. Nxd4 Bb4 6. g3 Bxc3+ 7. bxc3 Ne5 8.
c5 Ne4 9. Bg2 Nxc5 10. O-O O-O 11. f4 Nc4 12. e4 Re8 13. Nf5 d5 14. Nxg7 Kxg7
15. Qd4+ Qf6 16. Qxc5 Qxc3 17. Qxd5 Qxa1 18. Qxc4 Be6 19. Qb4 Qxa2 20. Bb2+ f6
21. Rc1 Rac8 22. f5 Bf7 23. e5 Qb3 24. exf6+ Kh8 25. Qxb3 Bxb3 26. f7+ 1-0

[Event "Online Olym Top DivB 2021"]
[Site "chess.com INT"]
[Date "2021.09.08"]
[Round "3.4"]
[Board "5"]
[White "Lashkin, Jegor"]
[Black "Maurizzi, Marc Andria"]
[Result "1-0"]
[WhiteTitle "FM"]
[BlackTitle "GM"]
[WhiteElo "2386"]
[BlackElo "2488"]
[WhiteTeam "Moldova"]
[BlackTeam "France"]
[WhiteFideId "13907808"]
[BlackFideId "36083534"]
[EventDate "2021.09.08"]
[EventType "team"]

1. d4 e6 2. c4 b6 3. a3 Bb7 4. d5 f5 5. Nc3 Nf6 6. g3 Bd6 7. Nf3 e5 8. Nb5 O-O
9. Nxd6 cxd6 10. Bg2 Na6 11. O-O Rc8 12. b3 b5 13. cxb5 Nc7 14. a4 Ncxd5 15. Ba3
Ne4 16. Nd2 Ndc3 17. Qe1 d5 18. Bxf8 Qxf8 19. Bxe4 fxe4 20. Nc4 d4 21. Qd2 Qe7
22. Rac1 Qe6 23. Rxc3 dxc3 24. Qxc3 Bd5 25. Qe3 Rc7 26. a5 Bxc4 27. bxc4 Qxc4
28. b6 axb6 29. axb6 Rb7 30. Rc1 Qe6 31. Rc8+ Kf7 32. Qxe4 Rxb6 33. Qxh7 Rc6 34.
Qh5+ Qg6 35. Qf3+ Ke7 36. Qf8+ Ke6 37. Re8+ Kd5 38. Qf3+ e4 39. Qb3+ Kd6 40.
Qb4+ Kd5 41. Qd2+ Kc5 42. Re5+ Kb6 43. Qa5+ Kb7 44. Rb5+ Kc8 45. Qa8+ 1-0

[Event "Online Olym Top DivB 2021"]
[Site "chess.com INT"]
[Date "2021.09.08"]
[Round "3.4"]
[Board "6"]
[White "Rollot, Florence"]
[Black "Mihailova, Alina"]
[Result "1/2-1/2"]
[WhiteElo "1973"]
[BlackElo "1884"]
[WhiteTeam "France"]
[BlackTeam "Moldova"]
[WhiteFideId "26016060"]
[BlackFideId "13907018"]
[EventDate "2021.09.08"]
[EventType "team"]

1. Nf3 d5 2. c4 Nf6 3. cxd5 Nxd5 4. g3 Nc6 5. Bg2 e5 6. d3 Be7 7. O-O O-O 8. Nc3
Nb6 9. a3 a5 10. Bd2 Be6 11. b3 f5 12. Qc2 Nd4 13. Qb2 Nxb3 14. Rab1 Nxd2 15.
Nxd2 Rb8 16. Rfc1 Bf6 17. Qb5 e4 18. Nc4 Nxc4 19. dxc4 c6 20. Qa4 Qc7 21. e3
Rfd8 22. Ne2 Rd2 23. Nf4 Bf7 24. Rc2 Rbd8 25. Bf1 Rd1 26. Rcc1 Rxc1 27. Rxc1 Rd7
28. c5 Qd8 29. Bc4 Qe7 30. Qxa5 Bxc4 31. Rxc4 g5 32. Ne2 Qd8 33. Qxd8+ Rxd8 34.
Nd4 Bxd4 35. exd4 Ra8 36. a4 Kf7 37. Rb4 Ra7 38. Kf1 Ke6 39. Ke2 Kd5 40. Ke3 h6
41. h3 h5 42. h4 gxh4 43. gxh4 Ra8 44. Rxb7 Rxa4 45. Rd7+ Kc4 46. Kf4 Ra2 47.
Kxf5 Rxf2+ 48. Kxe4 Rh2 49. Rd6 Rxh4+ 50. Ke5 Kb5 51. Kf5 Rg4 52. Ke5 Rg5+ 53.
Kf4 Rg4+ 54. Ke5 Rg5+ 55. Kf4 Rg4+ 56. Ke5 1/2-1/2

[Event "Online Olym Top DivB 2021"]
[Site "chess.com INT"]
[Date "2021.09.08"]
[Round "3.5"]
[Board "1"]
[White "Lenic, Luka"]
[Black "Adly, Ahmed"]
[Result "1-0"]
[WhiteTitle "GM"]
[BlackTitle "GM"]
[WhiteElo "2627"]
[BlackElo "2619"]
[WhiteTeam "Slovenia"]
[BlackTeam "Egypt"]
[WhiteFideId "14603853"]
[BlackFideId "10601619"]
[EventDate "2021.09.08"]
[EventType "team"]

1. d4 Nf6 2. c4 e6 3. Nc3 Bb4 4. Qc2 c5 5. dxc5 Na6 6. a3 Bxc3+ 7. Qxc3 Nxc5 8.
f3 d5 9. cxd5 b6 10. Bg5 O-O 11. Bxf6 gxf6 12. Rd1 exd5 13. e3 Qe7 14. Ne2 Re8
15. Kf2 Bb7 16. Nd4 Rac8 17. Qd2 Qe5 18. Bb5 Re7 19. h3 Kh8 20. Bd3 Rg8 21. g4
Rc7 22. Bf5 Ba6 23. Rc1 Re8 24. b4 Ne6 25. f4 Qd6 26. Rxc7 Nxc7 27. Bb1 Bc4 28.
Qc2 f5 29. Nxf5 Qe6 30. Re1 Kg8 31. g5 Kf8 32. Qc3 f6 33. Rg1 Nb5 34. Qxf6+ Qxf6
35. gxf6 Re6 36. a4 Nc3 37. Nd4 Rxf6 38. Bxh7 Rh6 39. Bf5 Nxa4 40. Ra1 b5 41.
Bc2 Rxh3 42. Bxa4 bxa4 43. Rxa4 a6 44. Nf3 Rh1 45. Ne5 Bb5 46. Ra3 Rb1 47. Rc3
Ke7 48. Rc7+ Ke6 49. Nf3 Kd6 50. Ra7 Rxb4 51. Nd4 Bd3 52. Rf7 Rb1 53. Rf6+ Ke7
54. Re6+ Kd7 55. Re5 Be4 56. f5 Rb6 57. Kg3 a5 58. Kf4 a4 59. Kg5 a3 60. f6 a2
61. Re7+ Kd6 62. Ra7 Rb1 63. Ra6+ Kd7 64. Ra7+ Kd6 65. Ra6+ Kd7 66. Rxa2 Rg1+
67. Kf4 Rg6 68. Ra7+ Kd6 69. Ra6+ Kd7 70. Rb6 Rg1 71. Rb7+ Kd6 72. f7 Rf1+ 73.
Kg5 Ke5 74. Re7+ Kd6 75. Re6+ Kd7 76. Rf6 Rg1+ 77. Kf4 Rf1+ 78. Ke5 Rg1 79. f8=Q 1-0

[Event "Online Olym Top DivB 2021"]
[Site "chess.com INT"]
[Date "2021.09.08"]
[Round "3.5"]
[Board "2"]
[White "Fawzy, Adham"]
[Black "Borisek, Jure"]
[Result "1-0"]
[WhiteTitle "GM"]
[BlackTitle "GM"]
[WhiteElo "2488"]
[BlackElo "2591"]
[WhiteTeam "Egypt"]
[BlackTeam "Slovenia"]
[WhiteFideId "10613129"]
[BlackFideId "14603152"]
[EventDate "2021.09.08"]
[EventType "team"]

1. e4 e5 2. Nf3 Nc6 3. d4 exd4 4. Bc4 Bc5 5. O-O d6 6. c3 d3 7. Qxd3 Nf6 8. b4
Bb6 9. a4 a6 10. Be3 Bxe3 11. Qxe3 O-O 12. Nbd2 Ng4 13. Qf4 Nce5 14. Bb3 Be6 15.
h3 Nxf3+ 16. Qxf3 Ne5 17. Qe2 Bxb3 18. Nxb3 Re8 19. Rad1 Qd7 20. a5 Qc6 21. Qc2
Nc4 22. Rfe1 b5 23. Nd4 Qd7 24. Rd3 g6 25. Rg3 Kh8 26. Qc1 Qe7 27. Qf4 c5 28.
Nf3 f6 29. h4 Ne5 30. Rd1 Rad8 31. h5 g5 32. Qf5 Nf7 33. Qd5 Ne5 34. h6 Ng6 35.
Qc6 Nf4 36. Re1 Qd7 37. Qxd7 Rxd7 38. bxc5 dxc5 39. e5 Rde7 40. Kh2 Nd3 41. exf6
Nxe1 42. fxe7 Rxe7 43. Nxg5 Kg8 44. Ne4+ Kf7 45. Rg7+ Kf8 46. Nxc5 Re5 47. Nd7+ 1-0

[Event "Online Olym Top DivB 2021"]
[Site "chess.com INT"]
[Date "2021.09.08"]
[Round "3.5"]
[Board "3"]
[White "Janzelj, Lara"]
[Black "Wafa, Shahenda"]
[Result "1-0"]
[WhiteTitle "WIM"]
[BlackTitle "WGM"]
[WhiteElo "2186"]
[BlackElo "2120"]
[WhiteTeam "Slovenia"]
[BlackTeam "Egypt"]
[WhiteFideId "14608391"]
[BlackFideId "10609962"]
[EventDate "2021.09.08"]
[EventType "team"]

1. d4 f5 2. c4 Nf6 3. Nf3 g6 4. Nc3 Bg7 5. e3 O-O 6. b4 d6 7. Bb2 c6 8. Qb3 Kh8
9. Be2 Qc7 10. O-O e5 11. c5 exd4 12. cxd6 Qxd6 13. Nxd4 f4 14. Rad1 Qc7 15.
exf4 Qxf4 16. b5 Ng4 17. Nf3 Nd7 18. h3 Nge5 19. Bc1 Nxf3+ 20. Bxf3 Qh4 21. g3
Qxh3 22. Bg2 Qh5 23. Ba3 Re8 24. bxc6 bxc6 25. Qf7 Nf6 26. Ne4 Ba6 27. Nxf6 Rf8
28. Bxf8 1-0

[Event "Online Olym Top DivB 2021"]
[Site "chess.com INT"]
[Date "2021.09.08"]
[Round "3.5"]
[Board "4"]
[White "Moaataz, Ayah"]
[Black "Rozman, Monika"]
[Result "1-0"]
[WhiteTitle "WIM"]
[BlackTitle "WFM"]
[WhiteElo "2032"]
[BlackElo "2188"]
[WhiteTeam "Egypt"]
[BlackTeam "Slovenia"]
[WhiteFideId "10615873"]
[BlackFideId "14609118"]
[EventDate "2021.09.08"]
[EventType "team"]

1. c4 c6 2. g3 d5 3. Bg2 Nf6 4. Nf3 Bf5 5. cxd5 cxd5 6. Qb3 Nc6 7. d3 e5 8. O-O
Qd7 9. Nc3 Be7 10. Bg5 Be6 11. Qa4 O-O 12. Rac1 h6 13. Bd2 Rfc8 14. a3 a6 15. b4
b5 16. Qd1 Rc7 17. e3 Rd8 18. d4 Bg4 19. dxe5 Bxf3 20. Bxf3 Nxe5 21. Bg2 Nc4 22.
Ne2 Ne4 23. Bc3 Nxa3 24. Bxg7 Kxg7 25. Rxc7 Qxc7 26. Qa1+ Kg8 27. Qxa3 Qc4 28.
Nd4 Bxb4 29. Qxa6 Nd2 30. Qxh6 Rd6 31. Qg5+ Rg6 32. Qd8+ Kh7 33. Rd1 Ne4 34. Qd7
Rf6 35. Qh3+ Kg8 36. Bxe4 dxe4 37. Qg4+ Rg6 38. Qxe4 Bc5 39. Qe8+ Kh7 40. Qxb5
Qd5 41. Rc1 Qa2 42. Qxc5 Rf6 43. Rf1 Qa6 44. Qh5+ Kg8 45. Nf5 Qe6 46. Qg5+ Kf8
47. Qg7+ Ke8 48. Qg8+ Kd7 49. Rd1+ Kc7 50. Qd8+ Kb7 51. Rb1+ Ka7 52. Qb8+ Ka6
53. Qa8# 1-0

[Event "Online Olym Top DivB 2021"]
[Site "chess.com INT"]
[Date "2021.09.08"]
[Round "3.5"]
[Board "5"]
[White "Tisaj, Domen"]
[Black "Kandil, Adham"]
[Result "0-1"]
[WhiteTitle "FM"]
[BlackTitle "IM"]
[WhiteElo "2357"]
[BlackElo "2342"]
[WhiteTeam "Slovenia"]
[BlackTeam "Egypt"]
[WhiteFideId "14628708"]
[BlackFideId "10618490"]
[EventDate "2021.09.08"]
[EventType "team"]

1. d4 Nf6 2. c4 e6 3. g3 Bb4+ 4. Nd2 d6 5. Bg2 Nbd7 6. Nf3 e5 7. O-O exd4 8.
Nxd4 a5 9. N2f3 O-O 10. Bg5 h6 11. Bf4 a4 12. Qc1 Nb6 13. Nh4 Nh7 14. Nhf5 Qf6
15. e4 Bc5 16. Nb5 Bxf5 17. exf5 c6 18. Nc3 Qxf5 19. Ne4 Nf6 20. Nxd6 Bxd6 21.
Bxd6 Rfe8 22. c5 Nbd5 23. Qc4 Ne4 24. Rad1 Re6 25. g4 Qxg4 26. Bg3 Qg6 27. Rd4
Nxg3 28. hxg3 Nf6 29. Rfd1 Re5 30. Qb4 Re7 31. Rd8+ Rxd8 32. Rxd8+ Kh7 33. Qxa4
Re1+ 34. Bf1 Ng4 35. Rd4 f5 36. f3 Ne3 37. Kf2 Rxf1+ 38. Kxe3 Qe6+ 39. Kd2 Qe1+
40. Kc2 Rf2+ 41. Kb3 Rxf3+ 42. Kc2 Rf2+ 43. Kb3 0-1

[Event "Online Olym Top DivB 2021"]
[Site "chess.com INT"]
[Date "2021.09.08"]
[Round "3.5"]
[Board "6"]
[White "Adel, Sara"]
[Black "Urh, Zala"]
[Result "0-1"]
[WhiteTitle "WFM"]
[BlackTitle "WIM"]
[WhiteElo "1741"]
[BlackElo "2234"]
[WhiteTeam "Egypt"]
[BlackTeam "Slovenia"]
[WhiteFideId "10616764"]
[BlackFideId "14611481"]
[EventDate "2021.09.08"]
[EventType "team"]

1. e4 c5 2. Nc3 Nc6 3. f4 d6 4. Nf3 g6 5. Bc4 Bg7 6. O-O e6 7. d3 Nge7 8. Qe1
O-O 9. f5 exf5 10. Qh4 Bd7 11. Bh6 Nc8 12. Ng5 Qf6 13. Nd5 Qd4+ 14. Kh1 Bxh6 15.
Qxh6 Qg7 0-1

[Event "Online Olym Top DivB 2021"]
[Site "chess.com INT"]
[Date "2021.09.09"]
[Round "4.1"]
[Board "1"]
[White "Banusz, Tamas"]
[Black "Adly, Ahmed"]
[Result "0-1"]
[WhiteTitle "GM"]
[BlackTitle "GM"]
[WhiteElo "2641"]
[BlackElo "2619"]
[WhiteTeam "Hungary"]
[BlackTeam "Egypt"]
[WhiteFideId "722413"]
[BlackFideId "10601619"]
[EventDate "2021.09.08"]
[EventType "team"]

1. Nf3 d5 2. g3 Nf6 3. Bg2 c5 4. O-O Nc6 5. d4 e6 6. c4 dxc4 7. Qa4 Bd7 8. dxc5
Na5 9. Qa3 Rc8 10. b4 cxb3 11. axb3 Rxc5 12. Bd2 Nc6 13. b4 Rh5 14. Qb2 a6 15.
h3 Ne4 16. Be3 Rb5 17. Na3 Rxb4 18. Qc2 Nf6 19. Rfd1 Be7 20. Bd2 Nd4 21. Qd3
Nxf3+ 22. Bxf3 Ra4 23. Bxb7 O-O 24. Bxa6 Qa8 25. Nc2 Rd8 26. Bc4 Bc6 27. Qe3 Ne4
28. Be1 Rxd1 29. Rxd1 Rxc4 0-1

[Event "Online Olym Top DivB 2021"]
[Site "chess.com INT"]
[Date "2021.09.09"]
[Round "4.1"]
[Board "2"]
[White "Hesham, Abdelrahman"]
[Black "Balog, Imre"]
[Result "1/2-1/2"]
[WhiteTitle "GM"]
[BlackTitle "GM"]
[WhiteElo "2419"]
[BlackElo "2578"]
[WhiteTeam "Egypt"]
[BlackTeam "Hungary"]
[WhiteFideId "10600183"]
[BlackFideId "728446"]
[EventDate "2021.09.08"]
[EventType "team"]

1. d4 d5 2. c4 c6 3. Nf3 Nf6 4. e3 a6 5. Nc3 g6 6. Be2 Bg7 7. O-O O-O 8. h3 Bf5
9. Qb3 Ra7 10. Bd2 dxc4 11. Bxc4 b5 12. Be2 a5 13. Rfc1 Nbd7 14. Be1 Qb8 15. Nb1
Rc8 16. Ng5 e6 17. g4 Bxb1 18. Raxb1 b4 19. a3 c5 20. axb4 cxb4 21. Rxc8+ Qxc8
22. Ra1 h6 23. Nf3 Nd5 24. Nd2 N7b6 25. Nc4 a4 26. Qd3 Nd7 27. Bd2 Qb8 28. Bd1
Qb5 29. Ne5 Qxd3 30. Nxd3 a3 31. bxa3 bxa3 32. Bb3 Bf8 33. e4 Nc7 34. Be3 Rb7
35. Ba4 Nb6 36. Bc6 Rb8 37. Bf4 Rc8 38. Bb7 Rb8 39. Bc6 Rc8 40. Bb7 Rb8 41. Bc6 1/2-1/2

[Event "Online Olym Top DivB 2021"]
[Site "chess.com INT"]
[Date "2021.09.09"]
[Round "4.1"]
[Board "3"]
[White "Lazarne Vajda, Szidonia"]
[Black "Wafa, Shahenda"]
[Result "1/2-1/2"]
[WhiteTitle "IM"]
[BlackTitle "WGM"]
[WhiteElo "2345"]
[BlackElo "2120"]
[WhiteTeam "Hungary"]
[BlackTeam "Egypt"]
[WhiteFideId "723894"]
[BlackFideId "10609962"]
[EventDate "2021.09.08"]
[EventType "team"]

1. e4 c5 2. c3 d5 3. exd5 Qxd5 4. d4 Nf6 5. Nf3 Bg4 6. Nbd2 e6 7. Bc4 Qd7 8. Qb3
Nc6 9. Ne5 Qc7 10. Bb5 Bd6 11. Ndf3 O-O 12. Bxc6 bxc6 13. O-O cxd4 14. cxd4 c5
15. Nxg4 Nxg4 16. h3 Nf6 17. dxc5 Bxc5 18. Be3 Bxe3 19. Qxe3 Nd5 20. Qe4 Nf6 21.
Qe3 Nd5 22. Qe4 Nf6 23. Qe3 1/2-1/2

[Event "Online Olym Top DivB 2021"]
[Site "chess.com INT"]
[Date "2021.09.09"]
[Round "4.1"]
[Board "4"]
[White "Moaataz, Ayah"]
[Black "Havanecz, Bianka"]
[Result "0-1"]
[WhiteTitle "WIM"]
[BlackTitle "WIM"]
[WhiteElo "2032"]
[BlackElo "2224"]
[WhiteTeam "Egypt"]
[BlackTeam "Hungary"]
[WhiteFideId "10615873"]
[BlackFideId "704814"]
[EventDate "2021.09.08"]
[EventType "team"]

1. c4 c5 2. g3 g6 3. Bg2 Bg7 4. Nc3 Nc6 5. d3 e6 6. e4 Nge7 7. Nge2 O-O 8. O-O
Nd4 9. Rb1 Nec6 10. a3 Qe7 11. Nxd4 Nxd4 12. b4 d6 13. Be3 Rd8 14. Qd2 Rb8 15.
Bf4 cxb4 16. axb4 b6 17. Bg5 Bf6 18. h4 b5 19. cxb5 Nxb5 20. Ne2 Bb7 21. d4 Rdc8
22. Rfc1 Bxg5 23. hxg5 e5 24. d5 Rxc1+ 25. Rxc1 Rc8 26. Bh3 Rxc1+ 27. Qxc1 Qc7
28. Qxc7 Nxc7 29. Nc3 Ba6 30. f4 exf4 31. gxf4 Kf8 32. e5 Ke7 33. Kf2 Bc4 34.
Bg2 Na6 35. exd6+ Kxd6 36. Ne4+ Kxd5 37. Nc5+ Kd4 38. Nd7 Nxb4 39. Bf3 a5 40.
Bd1 Nd3+ 41. Kg3 Nb2 42. Bc2 a4 43. Bb1 a3 44. Nf8 Nd1 0-1

[Event "Online Olym Top DivB 2021"]
[Site "chess.com INT"]
[Date "2021.09.09"]
[Round "4.1"]
[Board "5"]
[White "Borhy, Marcell"]
[Black "Kandil, Adham"]
[Result "1/2-1/2"]
[WhiteTitle "IM"]
[BlackTitle "IM"]
[WhiteElo "2374"]
[BlackElo "2342"]
[WhiteTeam "Hungary"]
[BlackTeam "Egypt"]
[WhiteFideId "770787"]
[BlackFideId "10618490"]
[EventDate "2021.09.08"]
[EventType "team"]

1. d4 Nf6 2. c4 e6 3. g3 Bb4+ 4. Bd2 a5 5. Bg2 d6 6. e3 Nbd7 7. Ne2 e5 8. O-O
Bxd2 9. Qxd2 O-O 10. Nbc3 Qe7 11. h3 Nb6 12. b3 c6 13. Rfd1 a4 14. Qc2 Be6 15.
c5 exd4 16. cxd6 Qxd6 17. Nxd4 axb3 18. axb3 Rxa1 19. Rxa1 Bd7 20. Ra7 Qb8 21.
Ra5 g6 22. Qb2 Qd6 23. Ra7 Bc8 24. Qa3 Qxa3 25. Rxa3 Nbd7 26. b4 c5 27. bxc5
Nxc5 28. Ra5 Ne6 29. Nce2 Nxd4 30. Nxd4 Bd7 31. g4 Rb8 32. Ra7 Bc8 33. Nb5 Ne8
34. Kh2 Bd7 35. Nc3 Nd6 36. Ne4 Nxe4 37. Bxe4 Bc6 38. Bxc6 bxc6 39. Rc7 Rb2 40.
Kg3 Rc2 41. f3 h6 42. Kf4 Kg7 43. h4 c5 44. h5 gxh5 45. gxh5 c4 46. Ke4 Rc1 47.
Rc5 Rh1 48. f4 c3 49. Kd3 Rh3 50. Ke4 c2 51. Rxc2 Rxh5 1/2-1/2

[Event "Online Olym Top DivB 2021"]
[Site "chess.com INT"]
[Date "2021.09.09"]
[Round "4.2"]
[Board "1"]
[White "Gozzoli, Yannick"]
[Black "Borisek, Jure"]
[Result "1/2-1/2"]
[WhiteTitle "GM"]
[BlackTitle "GM"]
[WhiteElo "2602"]
[BlackElo "2591"]
[WhiteTeam "France"]
[BlackTeam "Slovenia"]
[WhiteFideId "616915"]
[BlackFideId "14603152"]
[EventDate "2021.09.08"]
[EventType "team"]

1. d4 d5 2. c4 dxc4 3. Nf3 Nf6 4. e3 e6 5. Bxc4 c5 6. O-O Nc6 7. Qe2 a6 8. dxc5
Bxc5 9. e4 b5 10. Bb3 Bb7 11. Nc3 Qb6 12. Bf4 Nd4 13. Nxd4 Bxd4 14. Rad1 O-O 15.
Rd3 Bxc3 16. Rxc3 Nxe4 17. Rh3 e5 18. Qh5 Qg6 19. Qxg6 hxg6 20. Bxe5 Nd2 21. Rd1
Nxb3 22. axb3 1/2-1/2

[Event "Online Olym Top DivB 2021"]
[Site "chess.com INT"]
[Date "2021.09.09"]
[Round "4.2"]
[Board "2"]
[White "Markoja, Boris"]
[Black "Maze, Sebastien"]
[Result "1/2-1/2"]
[WhiteTitle "IM"]
[BlackTitle "GM"]
[WhiteElo "2453"]
[BlackElo "2553"]
[WhiteTeam "Slovenia"]
[BlackTeam "France"]
[WhiteFideId "14608502"]
[BlackFideId "613762"]
[EventDate "2021.09.08"]
[EventType "team"]

1. d4 Nf6 2. c4 g6 3. Nc3 Bg7 4. e4 d6 5. Be2 Nbd7 6. Be3 e5 7. d5 Nc5 8. Bf3 a5
9. g4 h5 10. g5 Nh7 11. h4 f5 12. Bxc5 dxc5 13. exf5 Bxf5 14. Be4 Qd7 15. Nge2
Bf8 16. Qd3 Bd6 17. Ng3 O-O 18. O-O-O Bxe4 19. Ngxe4 Kg7 20. Qe3 b6 21. a4 Qg4
22. Rdg1 Qf3 23. Rh3 Qf5 24. Rhg3 Qf4 25. Rh3 Rf7 26. Nb5 Rd8 27. Rgg3 Rf5 28.
Kd2 Nf8 29. Kd3 Kf7 30. Rf3 Qg4 31. Nf6 Qg1 32. Qe4 Ke7 33. Kc2 Qa1 34. Nc3 Rxf3
35. Rxf3 Qf1 36. Kb3 Qg1 37. Ka2 Qf1 38. Nb5 Qd1 39. Na7 Ra8 40. Nc6+ Kf7 41.
Nxh5+ Kg8 42. Nf6+ Kg7 43. Ka3 Qa1+ 44. Kb3 Qd1+ 45. Kc3 Qc1+ 46. Qc2 Qh1 47.
Qe2 Qxh4 48. Ne4 Nh7 49. Qe3 Rf8 50. Rh3 Qf4 51. Kd3 Qxe3+ 52. Kxe3 Rf4 53. f3
Rf8 54. Rh4 Ra8 55. Rh2 Rf8 56. Rh4 Ra8 57. Rh2 Rf8 58. Rh4 1/2-1/2

[Event "Online Olym Top DivB 2021"]
[Site "chess.com INT"]
[Date "2021.09.09"]
[Round "4.2"]
[Board "3"]
[White "Sebag, Marie"]
[Black "Vidic, Teja"]
[Result "1-0"]
[WhiteTitle "GM"]
[BlackTitle "WIM"]
[WhiteElo "2447"]
[BlackElo "2172"]
[WhiteTeam "France"]
[BlackTeam "Slovenia"]
[WhiteFideId "617822"]
[BlackFideId "14605511"]
[EventDate "2021.09.08"]
[EventType "team"]

1. d4 d5 2. Bf4 Nf6 3. e3 e6 4. Nf3 Bd6 5. Ne5 O-O 6. Bd3 c5 7. c3 Qc7 8. Nd2
Nbd7 9. Ndf3 Ne4 10. O-O f6 11. Nxd7 Bxd7 12. Bxe4 dxe4 13. Bxd6 Qxd6 14. dxc5
Qc7 15. Nd2 Rfd8 16. Qb3 Qxc5 17. Nxe4 Qe5 18. Ng3 h5 19. Qb4 Bc6 20. Rad1 a5
21. Qh4 g6 22. Rd4 Kg7 23. Rfd1 Rd5 24. c4 Rxd4 25. Qxd4 Qc7 26. Ne4 e5 27. Qd3
Rc8 28. h3 Bxe4 29. Qxe4 Qxc4 30. Rd7+ Kh6 31. Qxb7 Qc1+ 32. Kh2 Rh8 33. Qb6 Rf8
34. Qd6 Qc8 35. Qe7 Rh8 36. Qxf6 Qxd7 37. Qxh8+ Kg5 38. Qxe5+ Kh6 39. Qh8+ Kg5
40. f4+ Kf5 41. Qe5# 1-0

[Event "Online Olym Top DivB 2021"]
[Site "chess.com INT"]
[Date "2021.09.09"]
[Round "4.2"]
[Board "4"]
[White "Rozman, Monika"]
[Black "Navrotescu, Andreea"]
[Result "0-1"]
[WhiteTitle "WFM"]
[BlackTitle "WIM"]
[WhiteElo "2188"]
[BlackElo "2203"]
[WhiteTeam "Slovenia"]
[BlackTeam "France"]
[WhiteFideId "14609118"]
[BlackFideId "675946"]
[EventDate "2021.09.08"]
[EventType "team"]

1. e4 c5 2. Nf3 e6 3. d4 cxd4 4. Nxd4 Nc6 5. Nc3 Qc7 6. Be2 a6 7. Be3 Nf6 8. O-O
Bb4 9. Na4 Be7 10. c4 Nxe4 11. c5 O-O 12. g3 d5 13. cxd6 Nxd6 14. Rc1 Bd7 15.
Bf3 Nb5 16. Nxb5 axb5 17. Nb6 Rad8 18. Qb3 Qe5 19. Rfd1 Na5 20. Qc2 Be8 21. Bf4
Rxd1+ 22. Qxd1 Qxb2 23. Nd7 Bxd7 24. Qxd7 Qa3 25. Rc7 Qxf3 26. Qxe7 Qd1+ 27. Kg2
Qd5+ 28. Kg1 Nc6 29. Qd7 Qxd7 30. Rxd7 e5 31. Be3 Rb8 32. Bc5 b6 33. Bd6 Rc8 34.
Kg2 f6 35. a3 Nd4 36. Rb7 Rc6 37. Bc7 Nc2 38. Bxb6 Nxa3 39. Be3 h6 40. Kf3 f5
41. Rd7 Nc4 42. Rb7 Nd6 43. Rb8+ Kf7 44. Ke2 g5 45. Bd2 Rc4 46. Rb6 Ke6 47. Kd3
e4+ 48. Ke2 Kd5 49. h4 Rc2 50. Kd1 Rxd2+ 51. Ke1 Rb2 52. hxg5 hxg5 53. Kf1 b4
54. Rb8 b3 55. Kg2 Rb1 56. Kh2 b2 57. Kg2 Nc4 58. Kh2 Ra1 59. g4 b1=Q 60. Rd8+
Ke5 61. gxf5 Qh1+ 62. Kg3 Rg1# 0-1

[Event "Online Olym Top DivB 2021"]
[Site "chess.com INT"]
[Date "2021.09.09"]
[Round "4.2"]
[Board "5"]
[White "Maurizzi, Marc Andria"]
[Black "Subelj, Jan"]
[Result "1/2-1/2"]
[WhiteTitle "GM"]
[BlackTitle "IM"]
[WhiteElo "2488"]
[BlackElo "2415"]
[WhiteTeam "France"]
[BlackTeam "Slovenia"]
[WhiteFideId "36083534"]
[BlackFideId "14618583"]
[EventDate "2021.09.08"]
[EventType "team"]

1. d4 e6 2. Nf3 Nf6 3. Bf4 d5 4. Nbd2 Bd6 5. Bg5 Nbd7 6. e4 dxe4 7. Nxe4 Be7 8.
Bxf6 Nxf6 9. Bd3 Nxe4 10. Bxe4 c5 11. O-O cxd4 12. Qxd4 Qxd4 13. Nxd4 a6 14.
Rad1 O-O 15. Rfe1 g6 16. c3 Kg7 17. Nb3 Ra7 18. g3 b6 19. Nd4 Bd7 20. Rd2 Rc7
21. Red1 Rfc8 22. Bc2 e5 23. Nf3 Bg4 24. Kg2 f6 25. h3 Be6 26. Bb3 Bf5 27. Bd5
Rd8 28. a3 Bc8 29. g4 h6 30. Kg1 b5 31. Be4 Rcd7 32. Rxd7 Rxd7 33. Rxd7 Bxd7 34.
b4 Bc8 35. Bd5 Bd6 36. Nd2 f5 37. gxf5 gxf5 38. c4 bxc4 39. Nxc4 Bc7 40. Bc6 Kf6
41. a4 Be6 42. Ne3 f4 43. Nd5+ Bxd5 44. Bxd5 Bd6 45. b5 axb5 46. axb5 Bc5 47.
Kg2 Kf5 48. Kf3 Kg5 49. Ke2 Kh4 50. Bg2 e4 1/2-1/2